000 01087cam a2200313 a 4500
003 CHAP
005 20220329142506.0
008 010622d1999 mx 00 spa d
010 _a84251
011 _a85223
035 _a95754
040 _cCHAP
100 0 0 _aArrieta Avila, Carlos Rafael.
_97487
245 0 0 _aAplicación de nitrógeno y materia orgánica fermentada en el cultivo de maíz
_c/por Carlos Rafaél Arriola Avila
260 _aCocula, Gro. :
_bEl autor,
_c2000.
300 _a78 h.
500 _aTesis (Ing. Agr. Fitotecnista) -- Colegio Superior Agropecuario del Estado de Guerrero
590 _aBATCH-UPD
_b10
_c20130110
_lUCH01
_h2025
590 _aBATCH-UPD
_b10
_c20130410
_lUCH01
_h1342
590 _aBATCH-UPD
_b10
_c20130914
_lUCH01
_h1755
590 _aCONVERSION
_b10
_c20130109
_lUCH01
_h1347
650 1 4 _aAbonos
_xEfecto en maiz.
_9253
650 1 4 _aMaíz
_xRendimiento.
_971051
650 1 4 _aNitrógeno
_xEfecto en maíz.
_981447
901 _aBK
905 _aLilia Sánchez G.
942 _cTESIS
949 _aTesis
_bBC
_cTES
_d957541
_eTS1
_h38256
_i95754
_sb
999 _c84251
_d84251